Moʻade Yiśraʼel : (Record no. 50163)
[ view plain ]
| 000 -LEADER | |
|---|---|
| fixed length control field | 01164cam a2200313 a 4500 |
| 001 - CONTROL NUMBER | |
| control field | 5345145 |
| 005 - DATE AND TIME OF LATEST TRANSACTION | |
| control field | 20250430142732.0 |
| 008 - FIXED-LENGTH DATA ELEMENTS--GENERAL INFORMATION | |
| fixed length control field | 880829s1988 is afh b 001 0 heb |
| 010 ## - LIBRARY OF CONGRESS CONTROL NUMBER | |
| LC control number | 88177817 |
| 020 ## - INTERNATIONAL STANDARD BOOK NUMBER | |
| International Standard Book Number | 9653425153 |
| 035 ## - SYSTEM CONTROL NUMBER | |
| System control number | (CStRLIN)DCLH88-B982 |
| 040 ## - CATALOGING SOURCE | |
| Original cataloging agency | DLC-R |
| Transcribing agency | DLC-R |
| Modifying agency | DLC |
| 066 ## - CHARACTER SETS PRESENT | |
| Alternate G0 or G1 character set | (2 |
| 245 00 - TITLE STATEMENT | |
| Linkage | 880-01 |
| Title | Moʻade Yiśraʼel : |
| Remainder of title | zemanim u-moʻadim bi-teḳufat ha-Miḳra uvi-yeme Bayit-sheni= Time and holy days in the biblical and the second commonwealth periods / |
| Statement of responsibility, etc | Jacob S. Licht |
| 260 ## - PUBLICATION, DISTRIBUTION, ETC. (IMPRINT) | |
| Linkage | 880-02 |
| Place of publication, distribution, etc | Yerushalayim : |
| Name of publisher, distributor, etc | Mosad Byaliḳ, |
| Date of publication, distribution, etc | c1988. |
| 300 ## - PHYSICAL DESCRIPTION | |
| Extent | 16, 227 p., 4 p. of plates : |
| Other physical details | ill., facsims. ; |
| Dimensions | 22 cm. |
| 336 ## - CONTENT TYPE | |
| Content Type Term | text |
| 337 ## - MEDIA TYPE | |
| Media Type Term | unmediated |
| 338 ## - CARRIER TYPE | |
| Carrier Type Term | volume |
| 440 #0 - SERIES STATEMENT/ADDED ENTRY--TITLE | |
| Linkage | 880-03 |
| Title | Sifriyat ha-Entsiḳlopedyah ha-Miḳraʼit ; |
| Volume number/sequential designation | 3 |
| 500 ## - GENERAL NOTE | |
| General note | Title on t.p. verso: Time and holy days. |
| 504 ## - BIBLIOGRAPHY, ETC. NOTE | |
| Bibliography, etc | Includes bibliographies and indexes. |
| 630 00 - SUBJECT ADDED ENTRY--UNIFORM TITLE | |
| Linkage | 880-04 |
| Uniform title | Bible. |
| Name of part/section of a work | Old Testament |
| General subdivision | Criticism, interpretation, etc. |
| 650 #0 - SUBJECT ADDED ENTRY--TOPICAL TERM | |
| Topical term or geographic name as entry element | Fasts and feasts in the Bible. |
| 650 #0 - SUBJECT ADDED ENTRY--TOPICAL TERM | |
| Topical term or geographic name as entry element | Rites and ceremonies in the Bible. |
| 700 1# - ADDED ENTRY--PERSONAL NAME | |
| Linkage | 880-05 |
| Personal name | Licht, Jacob. |
| 740 0# - ADDED ENTRY--UNCONTROLLED RELATED/ANALYTICAL TITLE | |
| Uncontrolled related/analytical title | Time and holy days. |
| 942 ## - ADDED ENTRY ELEMENTS (KOHA) | |
| Source of classification or shelving scheme | Library of Congress Classification |
| Item type | Books |
| Withdrawn status | Lost status | Source of classification or shelving scheme | Damaged status | Not for loan | Home library | Current library | Shelving location | Date acquired | Source of acquisition | Inventory number | Total Checkouts | Full call number | Barcode | Date last seen | Copy number | Price effective from | Koha item type |
|---|---|---|---|---|---|---|---|---|---|---|---|---|---|---|---|---|---|
| Library of Congress Classification | BSOP Library | BSOP Library | David Weisberg Collection | 09/01/2021 | Donated by Dr. David and Oprah Weisberg | 46781 | BS1199.F35 T48 1988 | 00058587 | 09/01/2021 | v.3 | 09/01/2021 | Books |
